Monarchs of France Quiz Stats

 Plays Quiz Updated Oct 1, 2018

Score 0/52 Timer 10:00
3 Plays Today
Reigned Monarch % Correct
1314-1316Louis X the Quarreller
95.6%
1461-1483Louis XI the Prudent, the Universal Spider
94.6%
1715-1774Louis XV the Beloved
93.7%
1498-1515Louis XII the Father of the People
93.6%
986-987Louis V the Lazy
93.6%
1774-1792Louis XVI
93.2%
877-879Louis II the Stammerer
92.9%
1108-1137Louis VI the Fat
92.9%
1643-1715Louis XIV the Great, the Sun King
92.6%
1610-1643Louis XIII the Just
92.5%
936-954Louis IV from Overseas
92.5%
1137-1180Louis VII the Young
92.4%
879-882Louis III
91.9%
1226-1270Louis IX the Saint
91.6%
1223-1226Louis VIII the Lion
91.6%
885-888Charles the Fat
83.7%
1804-1814Napoleon I
81.5%
1815Napoleon I
81.5%
843-877Charles II the Bald
79.9%
1364-1380Charles V the Wise
78.9%
1322-1328Charles IV the Fair
78.7%
898-922Charles III the Simple
78.6%
1380-1422Charles VI the Beloved, the Mad
78.5%
1422-1461Charles VII the Victorious, the Well-Served
78%
1483-1498Charles VIII the Affable
76.7%
1824-1830Charles X
76.7%
Reigned Monarch % Correct
1560-1574Charles IX
76%
1031-1060Henry I
73.2%
1547-1559Henry II
72.2%
1574-1589Henry III
71.6%
1589-1610Henry IV, the Good King Henry, the Green Gallant
71.2%
1852-1870Napoleon III
70.8%
1814-1815Louis XVIII
66.1%
1815-1824Louis XVIII
66.1%
1060-1108Philip I
58.1%
1180-1223Philip II Augustus
57.4%
1270-1285Philip III the Bold
56.8%
1285-1314Philip IV the Fair
56.4%
1316-1322Philip V the Tall
56.1%
1328-1350Philip VI the Fortunate
55.5%
1316John I the Posthumous
54.1%
1350-1364John II the Good
52.8%
1515-1547Francis I the Father and Restorer of Letters
51%
1559-1560Francis II
49.4%
1830-1848Louis-Philippe I the Citizen King
39.7%
922-923Robert I
33.6%
996-1031Robert II the Pious
32.6%
987-996Hugh Capet
32.1%
888-898Odo of Paris
25.1%
954-986Lothair
21.8%
923-936Rudolph
20.6%
879-884Carloman II
20.5%

You're not logged in!

Compare scores with friends on all Sporcle quizzes.
OR
Log In

Sporcle TV

Today on Sporcle TV


Watch our educational content, quiz creation guides, and fun videos on Sporcle TV.

Show Comments

Extras

Top Quizzes Today


Score Distribution

Your Account Isn't Verified!

In order to create a playlist on Sporcle, you need to verify the email address you used during registration. Go to your Sporcle Settings to finish the process.

Report this User

Report this user for behavior that violates our Community Guidelines.

Details: